| 000 | 00791nam a2200217 i 4500 | ||
|---|---|---|---|
| 001 | 27491 | ||
| 003 | ES-MaACL | ||
| 005 | 20230909063059.0 | ||
| 007 | t| | ||
| 008 | 030114s1881 sp ||||1| spa d | ||
| 100 | 1 |
_aAzcárate, Gumersindo de, _d1840-1917 _924243 |
|
| 245 | 1 | 0 |
_aResumen de un debate sobre el problema social / _cGumersindo de Azcárate. |
| 260 |
_aMadrid : _b[s.n.], _c1881 ( _fImp. Biblioteca Universal) |
||
| 300 |
_a272 p. ; _c19 cm. |
||
| 530 | _aDisponible en formato digital. | ||
| 650 | 4 |
_aDesigualdad social. _911833 |
|
| 650 | 0 | 4 |
_aPolítica social. _916308 |
| 852 |
_aES-MaACL _jR-2254. Olim: E-12766- |
||
| 856 |
_uhttps://bibliotecadigital.jcyl.es/es/consulta/registro.do?id=4921 _zBiblioteca Digital de Castilla y León |
||
| 999 |
_c27491 _d27491 |
||